Consumer choice process when purchasing the staple food

Vývoj spotreby základných potravín, zmeny v nákupných zvyklostiach, motivácii a postojoch u spotrebiteľov v Českej republike. Článok prezentuje výsledky marketingového výskumu.

Gespeichert in:
Bibliographische Detailangaben
1. Verfasser: Stávková, Jana
Weitere Verfasser: Turčínková, Jana
Format: Buchkapitel
Sprache:Englisch
Schlagworte:
Tags: Tag hinzufügen
Keine Tags, Fügen Sie das erste Tag hinzu!

MARC

LEADER 00000naa$a2200000$$$4500
001 0035607
005 20231113141651.8
041 0 |a eng 
044 |a CZ 
245 1 0 |a Consumer choice process when purchasing the staple food  |c Jana Stávková, Jana Turčínková 
520 |a Vývoj spotreby základných potravín, zmeny v nákupných zvyklostiach, motivácii a postojoch u spotrebiteľov v Českej republike. Článok prezentuje výsledky marketingového výskumu. 
610 2 0 |a spotrebitelia 
610 2 0 |a správanie spotrebiteľa 
610 2 0 |a potraviny 
610 2 0 |a spotreba potravín 
610 2 0 |a prieskum spotrebiteľský 
610 2 0 |a Česko 
100 1 |a Stávková, Jana 
700 1 |a Turčínková, Jana